000 00786nas a2200253 4500
001 BR2015006436
003 BR-BrBNA
005 20231205125901.0
007 ta
008 230509b bl.|||p| |||| 00| 00por d
040 _aBR-BrBNA
_bpor
_cBiblioteca Nacional de Agricultura
041 _a(Pt)
072 _aP01; E14
100 1 _aFonseca-Kruel, V.S. da
100 1 _aPeixoto, A.L.
245 1 _aEtnobotânica na Reserva extrativista Marinha de Arraial do Cabo, RJ, Brasil
650 _aETNOBOTÂNICA
650 _aRESTINGA
650 _aRECURSO NATURAL
650 _aRESERVA ECOLÓGICA
773 0 _tActa Botanica Brasilica (Brazil)
_xISSN 0102-3306
_g(Jan- Mar 2004), v. 18(1) p. 177-190
_wBR2015006436
909 _a202311
_bLúcia
_c55
_dLúcia Elande
942 _2AGRIS
_n0
_cANA
999 _c246694
_d246694